000 00825nam a2200253Ia 4500
003 OSt
005 20220926012148.0
006 a|||||r|||| 00| 0
007 ta
008 220923b |||||||| |||| 00| 0 eng d
020 _a9781785337673
_c7660.20
037 _bKS/2017-18/048, 12/03/2018, KADMIEL SOLUTIONS
_cGeneral Book
040 _aRTL
_cRTL
_beng
041 _2eng
_aeng
082 _aY9(NR).564, Q8
100 _aSHIOCHAIN Triona Ni
_9315671
245 0 _aSinging ideas
_b Performance, politics and oral poetry
260 _aNew York
_bBerghahn
_c2018
300 _aviii,204p
_ccm.
500 _aBibliography chapterwise
650 _aSociology
942 _hY9(NR).564, Q8
_cGB
_2CC
999 _c621938
_d621938